000 005850000a22001810004500
003 MACL
005 20160412124458.0
008 160412b xxu||||| |||| 00| 0 eng d
040 _aMACL
_cMACL
041 _aHindi
082 _a540
100 _aशेवडे गोपाल कृष्‍ण
_951715
245 _aरसायन विज्ञान शब्‍दकोश
260 _bपरशुराम हिन्‍दी संस्‍थान
_c2004
_aनई दिल्‍ली
350 _a400
650 _aChemistry
_951918
942 _cHIN
_k540
_2ddc
999 _c17634
_d17634